000
00303nam a2200133Ia 4500
008
191201s2004 xx 000 0 und d
100
_a
VISHAL, S
245
0
_a
Auto CAD
250
_a
2nd
260
_a
N.Delhi
_b
Dhanpat Rai Pub (P) Ltd
_c
2004
300
_a
276
650
_a
B.Tech(ME)
942
_2
ddc
_c
BK
999
_c
1675
_d
1675